| 000 | 00736nam a2200229Ia 4500 | ||
|---|---|---|---|
| 005 | 20250108124758.0 | ||
| 008 | 008 250107s9999 xx 000 0 hin d | ||
| 020 | _a978-81-86336-14-4 | ||
| 037 | _aTB | ||
| 040 |
_aCRL _bhin _cCRL |
||
| 041 |
_ahin _2hin |
||
| 084 | _aY:1.2 R2 | ||
| 084 | _qCRL | ||
| 100 | _aसाहा, रणजीत, ले. | ||
| 245 | 0 |
_aमहामति प्राणनाथ: वाङ्मय विमर्श _cसाहा, रणजीत, ले. |
|
| 260 |
_aदिल्ली, भारत _bयश पब्लिकेशन्स _c2157 |
||
| 300 | _a347पृ0 | ||
| 365 |
_aINR _b0 |
||
| 650 | _aधर्म | ||
| 942 |
_cTB _hY:1.2 R2 |
||
| 999 |
_c1234545 _d1234545 |
||